000 00360 a2200169 4500
001 185056
020 _a978-85-16-06714-4
040 _cMagnum
100 _aRocha, Ruth
240 1 0 _aA máquina maluca
_lpor
245 1 0 _aA máquina maluca
300 _a29
362 0 _a2010
440 1 _aModerna
697 _aLITERATURA INFANTO-JUVENIL
942 _cBK
999 _c185056
_d185056